01407nam a2200157Ia 4500008004100000100002100041245004000062260004500102300001000147520093900157650001701096650001101113942000701124999001701131952010101148220216s9999 xx 000 0 und d aHamzah Ahmad Bin 0aFlow of rubber in an internal mixer bJournal of Natural Rubber Researchc1987 a55-65 aVisualisation studies of the dynamics of flow of rubber were undertaken using a laboratory-scale Banbury mixer with a transparent chamber. This technique was developed at the Institute of Polymer Technology, University of Technology, Loughborough under the guidance of Mr. P.K. Freakley. The method proved to ber very informative; the flow pattern could be recorded and its complexity identified. By measuring pressure and the rheologiccal properties of rubber, the stress distribution inside the mixing chamber could be calculated. From the flow patten and stress distribution, the modes of mixing inside the chamber could be identified as follows. Dispersive mixing occurs in the region at and immediately in front of the rotor tips while distributive mixing occurs at the S-shaped and bridge regions. There are also voids in the chamber where no mixing occurs, but the formation of these voids helps to enhance distributive mixing. aFlow pattern aRubber cJS c59476d59476 00104078aMAINbMAINc2d2021-12-17hVolume 2, Issue 1l0r2021-12-17 00:00:00w2022-02-16yJS